[Event "Titled Tuesday intern op 17th Nov"]
[Site "Chess.com INT"]
[Date "2020.11.17"]
[Round "9"]
[White "Ermolaev, Evgeny"]
[Black "Martinez Reyes, Pedro Ramon"]
[Result "0-1"]
[WhiteElo "2289"]
[BlackElo "2427"]
[PlyCount "72"]
[EventDate "2020.11.17"]
[EventType "swiss (blitz)"]
[EventRounds "11"]
[EventCountry "USA"]
[SourceTitle "CBM 199 Extra"]
[Source "ChessBase"]
[SourceDate "2021.01.31"]
[SourceVersion "1"]
[SourceVersionDate "2021.01.31"]
[SourceQuality "1"]

1. d4 e6 2. Nc3 Nf6 3. e4 d5 4. e5 Ne4 5. Nxe4 dxe4 6. Ne2 c5 7. c3 Nc6 8. Be3 cxd4 9. cxd4 Bb4+ 10. Nc3 Qa5 11. Qc2 0-0 12. Be2 Rd8 13. Rd1 Qxa2 14. 0-0 Bxc3 15. Qxc3 Qa5 16. Qc2 Qd5 17. Bc4 Qd7 18. Qxe4 Ne7 19. Bg5 Re8 20. Rd3 b5 21. Qxa8 bxc4 22. Rh3 Bb7 23. Qxa7 Nf5 24. Qc5 Bd5 25. Ra3 Qb7 26. Ra7 Qxb2 27. Qc7 Rf8 28. Be7 Nxe7 29. Qxe7 Qxd4 30. Rb1 g6 31. h3 Qe4 32. f3 Qxb1+ 33. Kh2 Qf5 34. Rc7 Qxe5+ 35. Kh1 c3 36. h4 h5 0-1

[Event "Titled Tuesday intern op 08th Sept"]
[Site "Chess.com INT"]
[Date "2020.09.08"]
[Round "2"]
[White "Garbea, Bogdan"]
[Black "Ermolaev, Evgeny"]
[Result "1-0"]
[WhiteElo "2280"]
[BlackElo "2289"]
[PlyCount "63"]
[EventDate "2020.09.08"]
[EventType "swiss (blitz)"]
[EventRounds "10"]
[EventCountry "USA"]
[SourceTitle "CBM 198 Extra"]
[Source "ChessBase"]
[SourceDate "2020.11.30"]
[SourceVersion "1"]
[SourceVersionDate "2020.11.30"]
[SourceQuality "1"]

1. d4 c5 2. d5 Nf6 3. c4 a6 4. Nc3 b5 5. cxb5 axb5 6. Nxb5 Qa5+ 7. Nc3 Ne4 8. Qc2 Nxc3 9. bxc3 g6 10. e4 Bg7 11. Bb2 0-0 12. Bd3 d6 13. Ne2 Ba6 14. Bxa6 Rxa6 15. 0-0 Nd7 16. c4 Qa4 17. Rfc1 Qxc2 18. Rxc2 Ra4 19. Bxg7 Kxg7 20. f4 Rfa8 21. Kf2 Nb6 22. Rb1 Rxc4 23. Rxc4 Nxc4 24. Nc3 Ra3 25. Rc1 Nb2 26. Rc2 Na4 27. Nb5 Rd3 28. Ke2 c4 29. Rxc4 Nb2 30. Rc2 f5 31. Rxb2 fxe4 32. Rd2 1-0

[Event "Titled Tuesday intern op 01st Sept"]
[Site "Chess.com INT"]
[Date "2020.09.01"]
[Round "9"]
[White "Chernikov, Vladimir"]
[Black "Ermolaev, Evgeny"]
[Result "1-0"]
[WhiteElo "2231"]
[BlackElo "2289"]
[PlyCount "57"]
[EventDate "2020.09.01"]
[EventType "swiss (blitz)"]
[EventRounds "10"]
[EventCountry "USA"]
[SourceTitle "CBM 198 Extra"]
[Source "ChessBase"]
[SourceDate "2020.11.30"]
[SourceVersion "1"]
[SourceVersionDate "2020.11.30"]
[SourceQuality "1"]

1. d4 c5 2. e3 Nf6 3. Nf3 e6 4. Bd3 Be7 5. 0-0 0-0 6. b3 b6 7. Bb2 Bb7 8. Nbd2 d5 9. Ne5 Nbd7 10. f4 Ne4 11. Nxd7 Qxd7 12. Bxe4 dxe4 13. Nc4 Rad8 14. Ne5 Qc7 15. c3 f6 16. Nc4 b5 17. Nd2 e5 18. Qg4 exd4 19. cxd4 cxd4 20. Bxd4 Rxd4 21. exd4 Qb6 22. Kh1 Qxd4 23. Qe6+ Rf7 24. Rad1 Bd5 25. Qc8+ Rf8 26. Qd7 Qc5 27. Nxe4 Rd8 28. Nxc5 Rxd7 29. Nxd7 1-0

[Event "Titled Tuesday intern op 01st Sept"]
[Site "Chess.com INT"]
[Date "2020.09.01"]
[Round "3"]
[White "Ermolaev, Evgeny"]
[Black "Guimaraes, Wagner Peixoto"]
[Result "0-1"]
[WhiteElo "2289"]
[BlackElo "2218"]
[PlyCount "44"]
[EventDate "2020.09.01"]
[EventType "swiss (blitz)"]
[EventRounds "10"]
[EventCountry "USA"]
[SourceTitle "CBM 198 Extra"]
[Source "ChessBase"]
[SourceDate "2020.11.30"]
[SourceVersion "1"]
[SourceVersionDate "2020.11.30"]
[SourceQuality "1"]

1. d4 Nf6 2. Nc3 c5 3. d5 d6 4. e4 g6 5. Be2 Bg7 6. g4 0-0 7. g5 Nfd7 8. h4 Na6 9. h5 Re8 10. Be3 Nf8 11. Qd2 e6 12. 0-0-0 exd5 13. Nxd5 Rxe4 14. Bf3 Ra4 15. a3 Be6 16. Nc3 Ra5 17. Qxd6 Bd4 18. Qf4 Rb8 19. Bxd4 cxd4 20. Ne4 Rf5 21. Nf6+ Qxf6 22. Qxb8 Qxg5+ 0-1

[Event "Titled Tuesday intern op 01st Sept"]
[Site "Chess.com INT"]
[Date "2020.09.01"]
[Round "8"]
[White "Ermolaev, Evgeny"]
[Black "Santiago, Yago de Moura"]
[Result "0-1"]
[WhiteElo "2289"]
[BlackElo "2500"]
[PlyCount "48"]
[EventDate "2020.09.01"]
[EventType "swiss (blitz)"]
[EventRounds "10"]
[EventCountry "USA"]
[SourceTitle "CBM 198 Extra"]
[Source "ChessBase"]
[SourceDate "2020.11.30"]
[SourceVersion "1"]
[SourceVersionDate "2020.11.30"]
[SourceQuality "1"]

1. d4 Nf6 2. Nc3 e6 3. e4 d5 4. e5 Nfd7 5. Qh5 c5 6. Nf3 Nc6 7. Ng5 g6 8. Qf3 Qe7 9. Nb5 Ndxe5 10. dxe5 Nxe5 11. Qg3 Bg7 12. Bf4 f6 13. Nf3 Nxf3+ 14. Qxf3 e5 15. 0-0-0 Be6 16. Nc3 d4 17. Nd5 Qf7 18. Bc4 0-0-0 19. Nxf6 exf4 20. Bxe6+ Qxe6 21. Ne4 Qxa2 22. Qg4+ Rd7 23. Nd2 d3 24. c3 Bxc3 0-1

[Event "Titled Tuesday intern op 01st Sept"]
[Site "Chess.com INT"]
[Date "2020.09.01"]
[Round "6"]
[White "Golizadeh, Asghar"]
[Black "Ermolaev, Evgeny"]
[Result "0-1"]
[WhiteElo "2455"]
[BlackElo "2289"]
[PlyCount "88"]
[EventDate "2020.09.01"]
[EventType "swiss (blitz)"]
[EventRounds "10"]
[EventCountry "USA"]
[SourceTitle "CBM 198 Extra"]
[Source "ChessBase"]
[SourceDate "2020.11.30"]
[SourceVersion "1"]
[SourceVersionDate "2020.11.30"]
[SourceQuality "1"]

1. e4 c5 2. c3 g6 3. d4 cxd4 4. cxd4 d5 5. exd5 Bg7 6. Nc3 Nf6 7. Qb3 a6 8. Be2 0-0 9. Bf3 Nbd7 10. Nge2 Ra7 11. 0-0 b5 12. d6 exd6 13. Bg5 Nb6 14. Rad1 Bb7 15. Bxb7 Rxb7 16. d5 Qd7 17. Bh4 Re8 18. Nd4 b4 19. Bxf6 Bxf6 20. Nce2 a5 21. Qf3 Bg7 22. Ng3 Re5 23. Nc6 Re8 24. Rfe1 Rc7 25. Kf1 Rxe1+ 26. Rxe1 Nxd5 27. Nb8 Qb5+ 28. Kg1 Qxb8 29. Qxd5 Qd8 30. Ne4 Rd7 31. Qd3 h6 32. Ng3 Re7 33. b3 Rxe1+ 34. Nf1 Bc3 35. g3 Qe7 36. Kg2 Qe4+ 37. Qxe4 Rxe4 38. Ne3 Rxe3 39. fxe3 f5 40. Kf3 Kf7 41. e4 Ke6 42. exf5+ Kxf5 43. Ke3 Ke5 44. Kd3 d5 0-1

[Event "Titled Tuesday intern op 25th Aug"]
[Site "Chess.com INT"]
[Date "2020.08.25"]
[Round "9"]
[White "Luo, Terry"]
[Black "Ermolaev, Evgeny"]
[Result "0-1"]
[WhiteElo "2124"]
[BlackElo "2289"]
[PlyCount "70"]
[EventDate "2020.08.25"]
[EventType "swiss (blitz)"]
[EventRounds "10"]
[EventCountry "USA"]
[SourceTitle "CBM 198 Extra"]
[Source "ChessBase"]
[SourceDate "2020.11.30"]
[SourceVersion "1"]
[SourceVersionDate "2020.11.30"]
[SourceQuality "1"]

1. d4 c5 2. d5 Nf6 3. c4 a6 4. Nc3 b5 5. cxb5 axb5 6. Nxb5 Qa5+ 7. Nc3 Ne4 8. Qc2 Nxc3 9. Qxc3 Qxc3+ 10. bxc3 g6 11. Bd2 Bg7 12. e4 Ra3 13. Rb1 Na6 14. Bxa6 Rxa6 15. Rb8 0-0 16. Nf3 Rxa2 17. 0-0 Rc2 18. Rc1 Rxc1+ 19. Bxc1 Bxc3 20. e5 Ba6 21. Rb6 Be2 22. Bh6 Ra8 23. h3 Bxf3 24. gxf3 Bxe5 25. Rb7 Rc8 26. Rxd7 Bd6 27. Ra7 c4 28. Ra2 c3 29. Rc2 f6 30. Be3 Rc4 31. Kf1 g5 32. Ke2 Be5 33. Kf1 Rb4 34. Ke1 Rh4 35. Ke2 Rxh3 0-1

[Event "Titled Tuesday intern op 25th Aug"]
[Site "Chess.com INT"]
[Date "2020.08.25"]
[Round "2"]
[White "Salazar Olchowski, Gabriel Anton"]
[Black "Ermolaev, Evgeny"]
[Result "1-0"]
[WhiteElo "2159"]
[BlackElo "2289"]
[PlyCount "61"]
[EventDate "2020.08.25"]
[EventType "swiss (blitz)"]
[EventRounds "10"]
[EventCountry "USA"]
[SourceTitle "CBM 198 Extra"]
[Source "ChessBase"]
[SourceDate "2020.11.30"]
[SourceVersion "1"]
[SourceVersionDate "2020.11.30"]
[SourceQuality "1"]

1. e4 d5 2. exd5 Qxd5 3. Nc3 Qe6+ 4. Be2 Qg6 5. Bf3 e5 6. d4 Nc6 7. Bxc6+ Qxc6 8. d5 Qg6 9. Nf3 Qxg2 10. Rg1 Qh3 11. Rg3 Qd7 12. Nxe5 Qd8 13. Qe2 Ne7 14. Bf4 g6 15. Bg5 Bg7 16. Nc4 f6 17. Re3 fxg5 18. d6 cxd6 19. Nd5 0-0 20. Nxe7+ Kh8 21. 0-0-0 Bf5 22. Rxd6 Qc7 23. Nxf5 Rxf5 24. Re7 Qc5 25. Rdd7 Rxf2 26. Qd3 Rg8 27. b3 Rxh2 28. c3 Qg1+ 29. Qd1 Qxd1+ 30. Kxd1 h5 31. Ne5 1-0

[Event "Titled Tuesday intern op 18th Aug"]
[Site "Chess.com INT"]
[Date "2020.08.18"]
[Round "7"]
[White "Ermolaev, Evgeny"]
[Black "Matinian, Nikita"]
[Result "0-1"]
[WhiteElo "2289"]
[BlackElo "2475"]
[PlyCount "68"]
[EventDate "2020.08.18"]
[EventType "swiss (blitz)"]
[EventRounds "10"]
[EventCountry "USA"]
[SourceTitle "CBM 197 Extra"]
[Source "ChessBase"]
[SourceDate "2020.09.30"]
[SourceVersion "1"]
[SourceVersionDate "2020.09.30"]
[SourceQuality "1"]

1. d4 d5 2. e4 c6 3. f3 e6 4. Nc3 Bb4 5. Bf4 Qa5 6. Nge2 dxe4 7. fxe4 Nf6 8. Qd3 Nbd7 9. e5 Nd5 10. Bd2 c5 11. Nxd5 Bxd2+ 12. Qxd2 Qxd2+ 13. Kxd2 exd5 14. c3 cxd4 15. cxd4 f6 16. Nf4 Nb6 17. exf6 0-0 18. Nh5 Bg4 19. fxg7 Rf2+ 20. Ke3 Rf7 21. Ng3 Re8+ 22. Kd2 Rf2+ 23. Kc3 Rc8+ 24. Kb3 Rcc2 25. Rb1 a5 26. a4 Nc4 27. Bxc4 dxc4+ 28. Ka3 Rfd2 29. Ne4 Rd3+ 30. Ka2 Kxg7 31. h3 Bh5 32. Nc5 Rdd2 33. g4 Bf7 34. Ka1 c3 0-1

[Event "Titled Tuesday intern op 18th Aug"]
[Site "Chess.com INT"]
[Date "2020.08.18"]
[Round "4"]
[White "Ermolaev, Evgeny"]
[Black "Rustemov, Alexander"]
[Result "1/2-1/2"]
[WhiteElo "2289"]
[BlackElo "2525"]
[PlyCount "182"]
[EventDate "2020.08.18"]
[EventType "swiss (blitz)"]
[EventRounds "10"]
[EventCountry "USA"]
[SourceTitle "CBM 197 Extra"]
[Source "ChessBase"]
[SourceDate "2020.09.30"]
[SourceVersion "1"]
[SourceVersionDate "2020.09.30"]
[SourceQuality "1"]

1. d4 f5 2. e4 fxe4 3. Nc3 Nf6 4. Bg5 Nc6 5. d5 Ne5 6. Qe2 Nf7 7. Bxf6 exf6 8. Nxe4 Qe7 9. d6 Nxd6 10. Nxd6+ cxd6 11. 0-0-0 Qxe2 12. Nxe2 a6 13. Nc3 b5 14. a4 bxa4 15. Bc4 a3 16. Rhe1+ Kd8 17. Bf7 axb2+ 18. Kb1 Bb7 19. Rd4 d5 20. Bxd5 Bxd5 21. Nxd5 Bc5 22. Rg4 g6 23. Nxf6 Rf8 24. Ne4 Be7 25. Kxb2 Rb8+ 26. Kc1 Rb4 27. f3 Rf5 28. Rd1 Ra5 29. Kd2 Ra2 30. Nc3 Rxg4 31. fxg4 Ra5 32. Rf1 Bb4 33. Kd3 Rc5 34. Ne4 Re5 35. c3 Be7 36. Ra1 a5 37. Kd4 d6 38. c4 h5 39. c5 Kd7 40. Rxa5 Ke6 41. Ra7 dxc5+ 42. Kd3 c4+ 43. Kd4 Rd5+ 44. Kxc4 Rd1 45. Ra6+ Ke5 46. Nf2 Rd4+ 47. Kc3 hxg4 48. Ra5+ Rd5 49. Nxg4+ Ke6 50. Rxd5 Kxd5 51. Kd3 Ke6 52. Ne3 Bd6 53. g3 Bc5 54. Nc4 Kd5 55. Ne3+ Ke5 56. Ke2 Ke4 57. Ng2 Bg1 58. h3 g5 59. g4 Bd4 60. Ne1 Be5 61. Nf3 Bf6 62. Kf2 Kf4 63. Kg2 Ke4 64. Ng1 Kf4 65. Ne2+ Ke4 66. Ng3+ Ke5 67. Nh5 Be7 68. Kf3 Bd8 69. Ng3 Be7 70. Ne4 Bd8 71. Nf2 Bf6 72. Nd3+ Kd5 73. Nb4+ Ke5 74. Nc2 Be7 75. Ne3 Bf6 76. Nf1 Be7 77. Nd2 Bd8 78. Nc4+ Kd5 79. Ne3+ Ke5 80. Nf5 Bf6 81. Ng3 Bd8 82. Ne4 Be7 83. Ke3 Bd8 84. Ng3 Be7 85. Nh5 Bd8 86. Kf3 Be7 87. Ng7 Bd8 88. Nf5 Bf6 89. Nh6 Be7 90. Ke3 Bf6 91. Ng8 Bd8 1/2-1/2

[Event "Titled Tuesday intern op 18th Aug"]
[Site "Chess.com INT"]
[Date "2020.08.18"]
[Round "1"]
[White "Ermolaev, Evgeny"]
[Black "Sharmin, Samiha Shimmi"]
[Result "1-0"]
[WhiteElo "2289"]
[BlackElo "1812"]
[PlyCount "63"]
[EventDate "2020.08.18"]
[EventType "swiss (blitz)"]
[EventRounds "10"]
[EventCountry "USA"]
[SourceTitle "CBM 197 Extra"]
[Source "ChessBase"]
[SourceDate "2020.09.30"]
[SourceVersion "1"]
[SourceVersionDate "2020.09.30"]
[SourceQuality "1"]

1. d4 d5 2. e4 e6 3. Be3 Nf6 4. e5 Nfd7 5. f4 c5 6. c3 Nc6 7. Nf3 Qb6 8. Qd2 cxd4 9. cxd4 Bb4 10. Nc3 0-0 11. Bd3 f6 12. 0-0 fxe5 13. fxe5 Na5 14. Bxh7+ Kxh7 15. Ng5+ Kg8 16. Qc2 Rf5 17. Nxd5 Qb5 18. Rxf5 exf5 19. Qxf5 Nf8 20. Qf7+ Kh8 21. Rf1 Be6 22. Nxe6 Nxe6 23. Qxe6 Re8 24. Qh3+ Kg8 25. Nc7 Qa4 26. Nxe8 Qxe8 27. Qf3 Qg6 28. a3 Be7 29. Qd5+ Kh7 30. Qxa5 Qd3 31. Qd2 Qg6 32. Qf2 1-0

[Event "Titled Tuesday intern op 18th Aug"]
[Site "Chess.com INT"]
[Date "2020.08.18"]
[Round "2"]
[White "Willow, Jonah B"]
[Black "Ermolaev, Evgeny"]
[Result "0-1"]
[WhiteElo "2386"]
[BlackElo "2289"]
[PlyCount "132"]
[EventDate "2020.08.18"]
[EventType "swiss (blitz)"]
[EventRounds "10"]
[EventCountry "USA"]
[SourceTitle "CBM 197 Extra"]
[Source "ChessBase"]
[SourceDate "2020.09.30"]
[SourceVersion "1"]
[SourceVersionDate "2020.09.30"]
[SourceQuality "1"]

1. e4 c5 2. Nf3 d6 3. Nc3 Nf6 4. e5 dxe5 5. Nxe5 Nbd7 6. d4 e6 7. Bf4 cxd4 8. Qxd4 Bc5 9. Qc4 0-0 10. 0-0-0 Qe7 11. Nd3 Bd6 12. Nb5 Bxf4+ 13. Nxf4 Nb6 14. Qc3 Nbd5 15. Nxd5 Nxd5 16. Qg3 Bd7 17. Nc3 Nxc3 18. Qxc3 Rac8 19. Qd4 Bc6 20. Bd3 e5 21. Qg4 e4 22. Rhe1 f5 23. Qf4 Qc5 24. Bf1 Ba4 25. c3 Bxd1 26. Rxd1 Rfd8 27. Re1 Qd6 28. Qe3 b6 29. Kb1 Qxh2 30. g4 Qe5 31. gxf5 Qxf5 32. Bh3 Qd5 33. Bxc8 Rxc8 34. Qxe4 Qxe4+ 35. Rxe4 Rf8 36. f4 h5 37. Kc2 Rd8 38. Re7 h4 39. f5 Rd5 40. Re4 Rxf5 41. Rxh4 Rd5 42. c4 Rd7 43. b4 Kf7 44. Kc3 g5 45. Rg4 Kg6 46. c5 bxc5 47. bxc5 Kf5 48. Rg1 Kf4 49. Kc4 g4 50. c6 Rd2 51. Kc3 Rd6 52. Rf1+ Kg3 53. Kc4 Rxc6+ 54. Kb5 Re6 55. Kc5 Kg2 56. Rf4 g3 57. Kd5 Ra6 58. a4 Ra5+ 59. Kc6 Kh2 60. Rh4+ Kg1 61. Rg4 g2 62. Rg8 Rh5 63. Kb7 Rh7+ 64. Kb8 Kh1 65. a5 g1Q 66. Rxg1+ Kxg1 0-1

[Event "Titled Tuesday intern op 11th Aug"]
[Site "Chess.com INT"]
[Date "2020.08.11"]
[Round "3"]
[White "Ermolaev, Evgeny"]
[Black "Magallanes, Rey Jomar"]
[Result "1-0"]
[WhiteElo "2289"]
[BlackElo "2036"]
[PlyCount "45"]
[EventDate "2020.08.11"]
[EventType "swiss (blitz)"]
[EventRounds "10"]
[EventCountry "USA"]
[SourceTitle "CBM 197 Extra"]
[Source "ChessBase"]
[SourceDate "2020.09.30"]
[SourceVersion "1"]
[SourceVersionDate "2020.09.30"]
[SourceQuality "1"]

1. d4 Nf6 2. Nc3 d5 3. e4 dxe4 4. Bg5 g6 5. Qd2 Bg7 6. 0-0-0 0-0 7. h4 a5 8. h5 a4 9. a3 c6 10. Bh6 b5 11. hxg6 fxg6 12. Bxg7 Kxg7 13. Qh6+ Kg8 14. Nxe4 Rf7 15. Ng5 Rg7 16. Bd3 b4 17. Bc4+ Kh8 18. N1f3 bxa3 19. Ne5 axb2+ 20. Kb1 Qf8 21. Nxg6+ Rxg6 22. Qxf8+ Ng8 23. Nf7# 1-0

[Event "Titled Tuesday intern op 11th Aug"]
[Site "Chess.com INT"]
[Date "2020.08.11"]
[Round "9"]
[White "Ermolaev, Evgeny"]
[Black "Zhou, Qiyu"]
[Result "1-0"]
[WhiteElo "2289"]
[BlackElo "2229"]
[PlyCount "49"]
[EventDate "2020.08.11"]
[EventType "swiss (blitz)"]
[EventRounds "10"]
[EventCountry "USA"]
[SourceTitle "CBM 197 Extra"]
[Source "ChessBase"]
[SourceDate "2020.09.30"]
[SourceVersion "1"]
[SourceVersionDate "2020.09.30"]
[SourceQuality "1"]

1. d4 Nf6 2. Nc3 d5 3. e4 dxe4 4. Bg5 h6 5. Bh4 g5 6. Bg3 c6 7. h4 Rg8 8. hxg5 hxg5 9. f3 Bf5 10. Qd2 Nbd7 11. 0-0-0 Qa5 12. Kb1 exf3 13. Nxf3 0-0-0 14. Nb5 Qa4 15. b3 Ne4 16. Qe1 Nxg3 17. bxa4 Nxh1 18. Nxa7+ Kb8 19. Qa5 e6 20. Nxc6+ bxc6 21. Qxd8+ Ka7 22. Qxd7+ Kb6 23. a5+ Kxa5 24. Qa7+ Kb4 25. a3+ 1-0

[Event "Titled Tuesday intern op 11th Aug"]
[Site "Chess.com INT"]
[Date "2020.08.11"]
[Round "10"]
[White "Postny, Evgeny"]
[Black "Ermolaev, Evgeny"]
[Result "1-0"]
[WhiteElo "2600"]
[BlackElo "2289"]
[PlyCount "129"]
[EventDate "2020.08.11"]
[EventType "swiss (blitz)"]
[EventRounds "10"]
[EventCountry "USA"]
[SourceTitle "CBM 197 Extra"]
[Source "ChessBase"]
[SourceDate "2020.09.30"]
[SourceVersion "1"]
[SourceVersionDate "2020.09.30"]
[SourceQuality "1"]

1. d4 c5 2. d5 Nf6 3. Nc3 b5 4. Nxb5 Qa5+ 5. Nc3 Ne4 6. Bd2 Nxd2 7. Qxd2 g6 8. e3 Bg7 9. Nd1 Qb6 10. Nf3 0-0 11. Be2 d6 12. 0-0 e6 13. e4 exd5 14. exd5 Nd7 15. c3 Nf6 16. Ne3 Ba6 17. Bxa6 Qxa6 18. Rfe1 Rab8 19. Qe2 Qb7 20. Nc4 Nxd5 21. Rad1 Nf4 22. Qd2 Ne6 23. Qxd6 Qb5 24. b3 Bxc3 25. Rxe6 fxe6 26. Qxe6+ Kh8 27. Ng5 Bd4 28. Qh3 Qb7 29. Ne6 Bxf2+ 30. Kh1 Rf6 31. Qc3 Bd4 32. Nxd4 cxd4 33. Qxd4 Qg7 34. Qg1 Rbf8 35. h3 Qc7 36. Qd4 Qf4 37. Qc5 Kg8 38. Rd4 Qf1+ 39. Kh2 Qf5 40. Qc7 Re6 41. Rd7 Qf4+ 42. Qxf4 Rxf4 43. Rxa7 Rf7 44. Rxf7 Kxf7 45. Kg3 Re2 46. a4 Ke6 47. Kf3 Ra2 48. Ke4 Rxg2 49. b4 Rg3 50. b5 Rxh3 51. a5 Rb3 52. b6 Rb4 53. Kd4 Kd7 54. Kc5 Rb1 55. a6 Kc8 56. Nd6+ Kb8 57. Kc6 Rc1+ 58. Kd7 Rd1 59. a7+ Ka8 60. Kc7 Rc1+ 61. Kd7 Rb1 62. Kc6 g5 63. Nb5 Rc1+ 64. Kd7 g4 65. Nc7+ 1-0

[Event "Titled Tuesday intern op 11th Aug"]
[Site "Chess.com INT"]
[Date "2020.08.11"]
[Round "4"]
[White "Sipila, Vilka"]
[Black "Ermolaev, Evgeny"]
[Result "1-0"]
[WhiteElo "2402"]
[BlackElo "2289"]
[PlyCount "81"]
[EventDate "2020.08.11"]
[EventType "swiss (blitz)"]
[EventRounds "10"]
[EventCountry "USA"]
[SourceTitle "CBM 197 Extra"]
[Source "ChessBase"]
[SourceDate "2020.09.30"]
[SourceVersion "1"]
[SourceVersionDate "2020.09.30"]
[SourceQuality "1"]

1. e4 d5 2. exd5 Qxd5 3. Nc3 Qe6+ 4. Be2 Qg6 5. Nf3 Qxg2 6. Rg1 Qh3 7. Rg3 Qe6 8. d4 Nf6 9. d5 Qd7 10. Ne5 Qf5 11. f4 g6 12. Nb5 Na6 13. Kf1 Nh5 14. Rf3 Bg7 15. Nd4 Qf6 16. Bb5+ c6 17. dxc6 0-0 18. Be3 Nc7 19. a4 Nd5 20. Qd2 Nxe3+ 21. Qxe3 Nxf4 22. Rxf4 Qxe5 23. Re4 Qxh2 24. Rd1 bxc6 25. Nxc6 Bh3+ 26. Ke1 e6 27. Qf2 Qxf2+ 28. Kxf2 Bf5 29. Rc4 a6 30. b4 axb5 31. axb5 Rab8 32. Nxb8 Rxb8 33. Rc5 Bf8 34. c4 Bxc5+ 35. bxc5 Be4 36. Ke3 f5 37. Kf4 Kf7 38. Ke5 Ke7 39. Ra1 Rc8 40. Ra7+ Kf8 41. Kf6 1-0

[Event "Titled Tuesday intern op 16th June"]
[Site "Chess.com INT"]
[Date "2020.06.16"]
[Round "2"]
[White "Ermolaev, Evgeny"]
[Black "Bachmann, Axel"]
[Result "0-1"]
[WhiteElo "2289"]
[BlackElo "2599"]
[PlyCount "64"]
[EventDate "2020.06.16"]
[EventType "swiss (blitz)"]
[EventRounds "10"]
[EventCountry "USA"]
[SourceTitle "EXT 2021"]
[Source "ChessBase"]
[SourceDate "2020.10.23"]
[SourceVersion "1"]
[SourceVersionDate "2020.10.23"]
[SourceQuality "1"]

1. e4 Nc6 2. Nf3 d6 3. d4 Nf6 4. Nc3 Bg4 5. Bb5 a6 6. Ba4 b5 7. Bb3 e6 8. Be3 d5 9. h3 Bh5 10. g4 Bg6 11. exd5 exd5 12. Ne5 Na5 13. g5 Nxb3 14. axb3 Nd7 15. Nxg6 hxg6 16. Nxd5 Bd6 17. Qf3 Kf8 18. 0-0-0 a5 19. Bf4 Ra6 20. h4 a4 21. bxa4 Rxa4 22. Bxd6+ cxd6 23. Nc3 Ra1+ 24. Kd2 Rxd1+ 25. Kxd1 b4 26. Ne4 Nb6 27. h5 Qa8 28. Ke2 Qa6+ 29. Qd3 Qb7 30. Qf3 Qc6 31. Nd2 Qb5+ 32. c4 bxc3+ 0-1

[Event "Titled Tuesday intern op 16th June"]
[Site "Chess.com INT"]
[Date "2020.06.16"]
[Round "9"]
[White "Ivanisevic, Ivan"]
[Black "Ermolaev, Evgeny"]
[Result "1-0"]
[WhiteElo "2604"]
[BlackElo "2289"]
[PlyCount "79"]
[EventDate "2020.06.16"]
[EventType "swiss (blitz)"]
[EventRounds "10"]
[EventCountry "USA"]
[SourceTitle "EXT 2021"]
[Source "ChessBase"]
[SourceDate "2020.10.23"]
[SourceVersion "1"]
[SourceVersionDate "2020.10.23"]
[SourceQuality "1"]

1. e4 c5 2. Nf3 d6 3. d4 cxd4 4. Nxd4 Nf6 5. Nc3 a6 6. Qf3 e6 7. g4 Be7 8. g5 Nfd7 9. h4 Nc6 10. Be3 Qc7 11. 0-0-0 b5 12. h5 Nxd4 13. Bxd4 Bxg5+ 14. Kb1 Bf6 15. h6 Bxd4 16. Rxd4 gxh6 17. Bxb5 Qc5 18. Rc4 Qb6 19. Rc6 Qb7 20. Ba4 Rb8 21. b3 Ke7 22. Rxh6 Qb4 23. Rc7 Qd4 24. Rh1 Rb7 25. Rxb7 Bxb7 26. Bxd7 f5 27. Rd1 Qe5 28. Ba4 fxe4 29. Qe3 Rc8 30. Ne2 Rc7 31. Nd4 Qc5 32. Rh1 h5 33. Rg1 Qe5 34. Qh6 d5 35. Rg7+ Kd6 36. Rxc7 Kxc7 37. Nxe6+ Kb8 38. Qf8+ Ka7 39. Qc5+ Kb8 40. Nd8 1-0

[Event "Titled Tuesday intern op 5th May"]
[Site "Chess.com INT"]
[Date "2020.05.05"]
[Round "9"]
[White "Ermolaev, Evgeny"]
[Black "Vrolijk, Liam"]
[Result "0-1"]
[WhiteElo "2289"]
[BlackElo "2502"]
[PlyCount "86"]
[EventDate "2020.05.05"]
[EventType "swiss (blitz)"]
[EventRounds "10"]
[EventCountry "USA"]
[SourceTitle "CBM 196 Extra"]
[Source "ChessBase"]
[SourceDate "2020.07.31"]
[SourceVersion "1"]
[SourceVersionDate "2020.07.31"]
[SourceQuality "1"]

1. e4 e5 2. Nf3 Nc6 3. Bc4 Bc5 4. 0-0 Nf6 5. d4 Bxd4 6. Nxd4 Nxd4 7. f4 d6 8. fxe5 dxe5 9. Bg5 Qe7 10. Nc3 Be6 11. Bxe6 fxe6 12. Kh1 0-0 13. Ne2 h6 14. Nxd4 hxg5 15. Nf3 Nxe4 16. Qe2 Nd6 17. Qxe5 Rf5 18. Qe3 Raf8 19. Rfe1 R8f6 20. Qxa7 g4 21. Nd4 Rh5 22. Qa3 Rfh6 23. Qg3 Rxh2+ 24. Qxh2 Rxh2+ 25. Kxh2 e5 26. Kg1 Qg5 27. Nb3 g3 28. Rad1 Qh5 29. Rd2 Qh2+ 30. Kf1 Qh1+ 31. Ke2 Qxg2+ 32. Kd1 Qf3+ 33. Kc1 Ne4 34. Rde2 g2 35. Rxe4 Qxe4 36. Rxe4 g1Q+ 37. Kd2 Qg2+ 38. Kd3 Qf3+ 39. Re3 Qf5+ 40. Kd2 g5 41. Nc5 Qf2+ 42. Kd3 Qf1+ 43. Kd2 Qg2+ 0-1

[Event "Titled Tuesday intern op 21st April"]
[Site "Chess.com INT"]
[Date "2020.04.21"]
[Round "8"]
[White "Braun, Arik"]
[Black "Ermolaev, Evgeny"]
[Result "1-0"]
[WhiteElo "2609"]
[BlackElo "2289"]
[PlyCount "63"]
[EventDate "2020.04.21"]
[EventType "swiss (blitz)"]
[EventRounds "10"]
[EventCountry "USA"]
[SourceTitle "EXT 2021"]
[Source "ChessBase"]
[SourceDate "2020.10.23"]
[SourceVersion "1"]
[SourceVersionDate "2020.10.23"]
[SourceQuality "1"]

1. d4 Nf6 2. c4 c5 3. d5 g6 4. Nc3 Bg7 5. e4 d6 6. Nge2 0-0 7. Ng3 e6 8. Be2 exd5 9. cxd5 Nbd7 10. 0-0 Rb8 11. Bf4 Ne5 12. Qc2 Bd7 13. a4 b6 14. Nb5 Bxb5 15. axb5 Rb7 16. Ra3 Re7 17. Rd1 h5 18. f3 h4 19. Nh1 Nh5 20. Bg5 Bf6 21. Be3 g5 22. Qd2 Rc7 23. g3 Ng6 24. f4 hxg3 25. hxg3 Nxg3 26. Nxg3 gxf4 27. Bxf4 Nxf4 28. Qxf4 Be5 29. Qg4+ Kh8 30. Nf5 f6 31. Rh3+ Rh7 32. Qg7# 1-0

[Event "Titled Tuesday intern op 21st April"]
[Site "Chess.com INT"]
[Date "2020.04.21"]
[Round "3"]
[White "Ermolaev, Evgeny"]
[Black "Rasulov, Vugar Ural Oglu"]
[Result "0-1"]
[WhiteElo "2289"]
[BlackElo "2478"]
[PlyCount "84"]
[EventDate "2020.04.21"]
[EventType "swiss (blitz)"]
[EventRounds "10"]
[EventCountry "USA"]
[SourceTitle "EXT 2021"]
[Source "ChessBase"]
[SourceDate "2020.10.23"]
[SourceVersion "1"]
[SourceVersionDate "2020.10.23"]
[SourceQuality "1"]

1. e4 c5 2. Nf3 d6 3. d4 cxd4 4. Nxd4 Nf6 5. Nc3 a6 6. Be3 e5 7. Nb3 Be7 8. Qd2 0-0 9. 0-0-0 Be6 10. f4 Qc7 11. f5 Bc4 12. g4 d5 13. Nxd5 Bxd5 14. exd5 Rd8 15. Bg2 Nxg4 16. Rhg1 h6 17. Kb1 Nxe3 18. Qxe3 Bg5 19. Qf2 Rd6 20. Nc5 Nd7 21. Ne4 Rb6 22. d6 Qd8 23. Bf3 Rc8 24. h4 Bf6 25. Qg2 Kf8 26. Nxf6 Qxf6 27. Be4 Nc5 28. Rd5 Na4 29. Ka1 Rd8 30. b3 Nc3 31. Rd3 Nxe4 32. Qxe4 Rdxd6 33. Rgd1 Rxd3 34. Rxd3 Kg8 35. Rd7 h5 36. Rxb7 Rxb7 37. Qxb7 e4+ 38. Kb1 Qxf5 39. Qxa6 e3 40. Kc1 Qf2 41. Qc8+ Kh7 42. Qd7 e2 0-1